000 01800nam0a22003131 4500
001 v19\rc\1906866
005 20251118180540.3
035 _a(NLR Aleph) 004996041
090 _a6336601
_c6336601
100 _a20080404d1911 |||y0rusy50 ca
101 0 _arus
102 _aRU
105 _aa g |||||
200 1 _aУсть-Наровский прибой
_eЛит.-худож. сб. и справочник на память о курорте "Гунгербурге". 1911-1912
_fСост. В.И. Петрусевич
210 _aСанкт-Петербург
_cтип. Спб. т-ва "Труд"
_d1911
215 _a168 с.
_cил.
_d21
311 _aПриложение...: Художественный альбом видов курорта "Усть-Наровы" (Гунгербург): С планом последнего и общим видом г. Нарвы.-Спб.:изд. В.И. Петрусевича, [1911] (шифры: 37.31.3.52; 133/6410)
421 0 _11010#$arus
_12001#$aПриложение...$eХудожественный альбом видов курорта "Усть-Наровы" (Гунгербург)$eС планом последнего и общим видом г. Нарвы
_1210##$aСанкт-Петербург$cизд. В.И. Петрусевича$d[1911]
_1215##$a[2] с., 11 л. ил.
_1899##$aNLR$j37.31.3.52
_1899##$aNLR$j133/6410
_1899##$aRuMoRGB$jE 76/277
_1899##$aБАН
700 1 _aПетрусевич
_bВ. И.
_gВладимир Иванович
_4220
801 0 _aRU
_bNLR
_gpsbo
801 0 _aRU
_bRuMoRGB
_2psbo
801 1 _aRU
_bProSoft-M
_2rusmarc
852 _aNLR
_j37.31.3.52
852 _aNLR
_j133/6410
899 _aRuMoRGB
_jE 76/117 (без прил.)
899 _aRuMoRGB
_jE 76/277
899 _aБАН
942 _cBOOK
980 _aNB